00425 a2200145 4500003000500000005001700005040000900022082001000031100002600041245012700067260003700194300001000231538002200241650001600263Nust20170207153159.0 cNust a005.1 aAhmed, Zaheer MSCS aCCESMES Comprehensive Cost Estimation System For Military Engineering ServicescZaheer Ahmed and D.M Akber Hussain MSCS aRawalpindibMCS, NUSTcMar, 2000 a96 p. aT1 and Shelf No 3 aMSCS Thesis